Catalog

Record Details

Catalog Search



Tajemství výchovy šťastných dětí  Cover Image Book Book

Tajemství výchovy šťastných dětí / Steve Biddulph ; [z anglického originálu ... přeložila Eliška Neckařová]

Record details

  • ISBN: 80-7178-334-X
  • Physical Description: 133 s. : il. ; 23 cm
  • Edition: Vyd. 1.
  • Publisher: Praha : Portál, 1999
Subject: psychologie dítěte
rodiče a děti
výchova dítěte
Children > Conduct of life
Child rearing
Parent and child
Child psychology
Genre: populárně-naučné publikace

Available copies

  • 1 of 1 copy available at Common Catalog SPOK.

Holds

  • 0 current holds with 1 total copy.
Show Only Available Copies
Location Call Number / Copy Notes Barcode Shelving Location Status Due Date
Jabok Library Ped-7.2.1/B 424480001776 Odborná literatura Available -

LDR 01535nam a2200445 a 4500
00113045
003CZ-PrJAB
00520190903082917.0
007tu
008990630s1999 xr a e 000 0 cze
015 . ‡acnb000693373
020 . ‡a80-7178-334-X ‡q(brož.) : ‡cKč 157,00
035 . ‡a(CZ PrNK)cpk19990693373
035 . ‡a(OCoLC)43807794
040 . ‡aABA001 ‡bcze
0411 . ‡acze ‡heng
072 7. ‡a37 ‡xVýchova a vzdělávání ‡2Konspekt ‡922
080 . ‡a173.5/.7 ‡2MRF
080 . ‡a37.03-053.2 ‡2MRF
080 . ‡a159.922.7 ‡2MRF
080 . ‡a(0.062) ‡2MRF
1001 . ‡aBiddulph, Steve, ‡d1953- ‡7pna2006337994 ‡4aut
24510. ‡aTajemství výchovy šťastných dětí / ‡cSteve Biddulph ; [z anglického originálu ... přeložila Eliška Neckařová]
250 . ‡aVyd. 1.
260 . ‡aPraha : ‡bPortál, ‡c1999
300 . ‡a133 s. : ‡bil. ; ‡c23 cm
4901 . ‡aRádci pro rodiče a vychovatele
65007. ‡apsychologie dítěte ‡7ph117256 ‡2czenas
65007. ‡arodiče a děti ‡7ph116053 ‡2czenas
65007. ‡avýchova dítěte ‡7ph127420 ‡2czenas
65009. ‡aChildren ‡xConduct of life ‡2eczenas
65009. ‡aChild rearing ‡2eczenas
65009. ‡aParent and child ‡2eczenas
65009. ‡aChild psychology ‡2eczenas
655 7. ‡apopulárně-naučné publikace ‡7fd131864 ‡2czenas
7001 . ‡aNeckařová, Eliška, ‡d1973- ‡7jn20001005039 ‡4trl
7650 . ‡tMore secrets of happy children ‡9Česky
830 0. ‡aRádci pro rodiče a vychovatele
910 . ‡aABG312
995 . ‡aska
901 . ‡a13045 ‡bCZ PrNK ‡c13045 ‡tbiblio

Additional Resources